[Event "Vyatka Cup 7th"]
[Site "Kirov"]
[Date "2018.08.23"]
[Round "9"]
[White "Sumachev, Dmitry"]
[Black "Salakhutdinov, Danil"]
[Result "1-0"]
[WhiteElo "2221"]
[BlackElo "1697"]
[PlyCount "41"]
[EventDate "2018.08.15"]
[EventType "tourn"]
[EventRounds "11"]
[EventCountry "RUS"]
[SourceTitle "CBM 187 Extra"]
[Source "ChessBase"]
[SourceDate "2018.11.04"]
[SourceVersion "1"]
[SourceVersionDate "2018.11.04"]
[SourceQuality "1"]

1. d4 d5 2. c4 c6 3. Nf3 Nf6 4. e3 dxc4 5. Bxc4 Bf5 6. Qb3 b5 7. Bxf7+ Kd7 8. Ne5+ Kc7 9. Bd2 Kb7 10. Na3 Nbd7 11. Nxc6 Qb6 12. Na5+ Kb8 13. Rc1 Be4 14. f3 Bb7 15. Be6 a6 16. e4 Qxd4 17. Bf4+ Ne5 18. Rc8+ Ka7 19. Be3 Rxc8 20. Bxd4+ Kb8 21. Bxe5+ 1-0

[Event "Vyatka Cup 7th"]
[Site "Kirov"]
[Date "2018.08.22"]
[Round "8"]
[White "Dvinskikh, Leonid"]
[Black "Sumachev, Dmitry"]
[Result "0-1"]
[WhiteElo "2005"]
[BlackElo "2221"]
[PlyCount "98"]
[EventDate "2018.08.15"]
[EventType "tourn"]
[EventRounds "11"]
[EventCountry "RUS"]
[SourceTitle "CBM 187 Extra"]
[Source "ChessBase"]
[SourceDate "2018.11.04"]
[SourceVersion "1"]
[SourceVersionDate "2018.11.04"]
[SourceQuality "1"]

1. d4 d5 2. c4 c6 3. cxd5 cxd5 4. Bf4 Nc6 5. Nf3 Nf6 6. Nc3 a6 7. e3 e6 8. Bd3 Be7 9. 0-0 0-0 10. Rc1 Bd7 11. a3 Qa5 12. Ne5 Rfc8 13. Nxd7 Nxd7 14. Na4 b5 15. Nc5 Nxc5 16. dxc5 Bf6 17. Bd6 g6 18. Rc2 b4 19. axb4 Qxb4 20. Qf3 Be5 21. Ra1 a5 22. Rac1 Bxd6 23. cxd6 Qxd6 24. h4 Ne7 25. Rxc8+ Rxc8 26. Rxc8+ Nxc8 27. h5 Qe5 28. hxg6 hxg6 29. Qe2 Nd6 30. Qc2 Nc4 31. b3 Qa1+ 32. Kh2 Ne5 33. Bb5 Ng4+ 34. Kg3 Nf6 35. Kh2 Qe5+ 36. Kg1 Ng4 37. g3 Qh5 38. Kg2 d4 39. Qe2 dxe3 40. fxe3 Qh2+ 41. Kf3 Ne5+ 42. Kf4 Qh8 43. e4 Qf6+ 44. Ke3 Qg5+ 45. Kf2 Kg7 46. Kg2 Ng4 47. Bc4 Nf6 48. Qd3 Qe5 49. Kf3 g5 0-1

[Event "Vyatka Cup 7th"]
[Site "Kirov"]
[Date "2018.08.17"]
[Round "3"]
[White "Sumachev, Dmitry"]
[Black "Suleimanov, Konstantin"]
[Result "1-0"]
[WhiteElo "2221"]
[BlackElo "1795"]
[PlyCount "85"]
[EventDate "2018.08.15"]
[EventType "tourn"]
[EventRounds "11"]
[EventCountry "RUS"]
[SourceTitle "CBM 187 Extra"]
[Source "ChessBase"]
[SourceDate "2018.11.04"]
[SourceVersion "1"]
[SourceVersionDate "2018.11.04"]
[SourceQuality "1"]

1. d4 Nf6 2. Nf3 e6 3. c4 d5 4. Nc3 Be7 5. Bg5 0-0 6. e3 a6 7. Qc2 h6 8. h4 dxc4 9. Bxc4 b5 10. Bb3 Bb7 11. Bxf6 Bxf6 12. 0-0-0 c5 13. dxc5 Qc7 14. Ne4 Bxe4 15. Qxe4 Qxc5+ 16. Bc2 Rc8 17. Kb1 Nc6 18. Rd7 Ne7 19. g4 Qc6 20. Rhd1 g6 21. R1d6 Qc4 22. Qxc4 Rxc4 23. g5 hxg5 24. hxg5 Bg7 25. Rxe7 Bf8 26. Rdd7 Bxe7 27. Rxe7 Rg4 28. a3 Rg2 29. Be4 Rd8 30. Rxf7 Rd1+ 31. Ka2 Kxf7 32. Ne5+ Kg7 33. Bxg2 Rg1 34. Bb7 Rxg5 35. f4 Rg3 36. Bxa6 Rxe3 37. Bxb5 Re4 38. Nd3 Kf6 39. a4 Rd4 40. b4 Ke7 41. Kb3 Kd6 42. Kc3 Re4 43. Be8 1-0

[Event "Vyatka Cup 7th"]
[Site "Kirov"]
[Date "2018.08.16"]
[Round "2"]
[White "Lobov, Aleksandr Dm"]
[Black "Sumachev, Dmitry"]
[Result "0-1"]
[WhiteElo "1702"]
[BlackElo "2221"]
[PlyCount "72"]
[EventDate "2018.08.15"]
[EventType "tourn"]
[EventRounds "11"]
[EventCountry "RUS"]
[SourceTitle "CBM 187 Extra"]
[Source "ChessBase"]
[SourceDate "2018.11.04"]
[SourceVersion "1"]
[SourceVersionDate "2018.11.04"]
[SourceQuality "1"]

1. d4 Nf6 2. Bf4 g6 3. Nf3 Bg7 4. e3 0-0 5. h3 d6 6. Nbd2 Nc6 7. Be2 Qe8 8. 0-0 e5 9. Bh2 e4 10. Ne1 Bf5 11. c3 Qe7 12. Nc2 Rfe8 13. Re1 h5 14. Nf1 h4 15. b4 Qd7 16. b5 Ne7 17. c4 g5 18. a4 Ng6 19. f3 exf3 20. Bxf3 c6 21. bxc6 bxc6 22. Nb4 Rac8 23. Rc1 g4 24. hxg4 Nxg4 25. e4 Be6 26. d5 cxd5 27. cxd5 Rxc1 28. Qxc1 Bd4+ 29. Ne3 Nxe3 30. dxe6 Ng4+ 31. Kh1 Nf2+ 32. Kg1 Qxe6 33. Qd2 Qc4 34. Nc2 Bc5 35. Ne3 Nxe4 36. Bxe4 Qxe4 0-1

[Event "Vyatka Cup 7th"]
[Site "Kirov"]
[Date "2018.08.15"]
[Round "1"]
[White "Sumachev, Dmitry"]
[Black "Seidov, Georgij"]
[Result "1-0"]
[WhiteElo "2221"]
[BlackElo "1756"]
[PlyCount "71"]
[EventDate "2018.08.15"]
[EventType "tourn"]
[EventRounds "11"]
[EventCountry "RUS"]
[SourceTitle "CBM 187 Extra"]
[Source "ChessBase"]
[SourceDate "2018.11.04"]
[SourceVersion "1"]
[SourceVersionDate "2018.11.04"]
[SourceQuality "1"]

1. Nf3 d5 2. d4 Nf6 3. c4 e6 4. g3 Be7 5. Bg2 0-0 6. 0-0 Nbd7 7. Nbd2 c6 8. Qc2 Re8 9. b3 b6 10. Bb2 Bb7 11. e4 dxe4 12. Ne5 Nxe5 13. dxe5 Nd7 14. Nxe4 Qc7 15. Qc3 Rf8 16. Rad1 c5 17. Rd6 Rad8 18. Rfd1 Nb8 19. R1d3 Bxe4 20. Bxe4 f5 21. Rxd8 Rxd8 22. Bg2 Rxd3 23. Qxd3 Nc6 24. h3 Kf7 25. Bd5 Nb4 26. Qxf5+ Ke8 27. Bxe6 Bf8 28. Qxh7 Nxa2 29. Qg6+ Kd8 30. Bf5 Nb4 31. e6 Nc6 32. Bc1 Ne5 33. Bg5+ Be7 34. Qxg7 Nf3+ 35. Kh1 Qd6 36. Qf8+ 1-0

[Event "Kirov Vyatki Cup 6th"]
[Site "Kirov"]
[Date "2017.08.20"]
[Round "3"]
[White "Uraev, Ivan"]
[Black "Sumachev, Dmitry"]
[Result "1-0"]
[WhiteElo "2271"]
[BlackElo "2227"]
[PlyCount "79"]
[EventDate "2017.08.17"]
[EventType "swiss"]
[EventRounds "7"]
[EventCountry "RUS"]
[SourceTitle "CBM 180 Extra"]
[Source "ChessBase"]
[SourceDate "2017.10.06"]
[SourceVersion "1"]
[SourceVersionDate "2017.10.06"]
[SourceQuality "1"]

1. d4 Nf6 2. Bg5 Ne4 3. h4 c5 4. d5 Qb6 5. Qc1 c4 6. e3 Qa5+ 7. Nd2 c3 8. bxc3 Nxc3 9. d6 f6 10. Nc4 Qc5 11. dxe7 Bxe7 12. Bf4 d5 13. Nd2 Nc6 14. a3 b5 15. Ne2 Ne4 16. Nb3 Qb6 17. f3 Nc5 18. Nc3 Be6 19. Nxb5 Rc8 20. Qd2 0-0 21. N3d4 Ne5 22. Nxe6 Nxe6 23. Qxd5 Kh8 24. Qb3 a6 25. Nd4 Qa5+ 26. Kf2 Qd2+ 27. Ne2 Nxf4 28. exf4 Nc4 29. Qd3 Qa5 30. Kg3 Rfd8 31. Qb3 Bd6 32. Kh3 Bb8 33. Ng3 Nd2 34. Qb4 Qd5 35. Bd3 Nc4 36. Bf5 Bxf4 37. Rad1 Bd2 38. Bxc8 Rxc8 39. Qe7 Ne3 40. Qxe3 1-0

[Event "Kirov Chudinovskikh Memoriail-A 4th"]
[Site "Kirov"]
[Date "2017.08.01"]
[Round "1"]
[White "Schevnin, Leonid"]
[Black "Sumachev, Dmitry"]
[Result "0-1"]
[WhiteElo "1858"]
[BlackElo "2227"]
[PlyCount "50"]
[EventDate "2017.07.28"]
[EventType "swiss"]
[EventRounds "9"]
[EventCountry "RUS"]
[SourceTitle "EXT 2018"]
[Source "ChessBase"]
[SourceDate "2017.10.13"]
[SourceVersion "1"]
[SourceVersionDate "2017.10.13"]
[SourceQuality "1"]

1. e4 d5 2. exd5 Qxd5 3. d4 e5 4. dxe5 Qxd1+ 5. Kxd1 Nc6 6. f4 f6 7. Nf3 Bg4 8. exf6 Nxf6 9. Nbd2 0-0-0 10. Be2 Nd5 11. Bd3 Nxf4 12. h3 Nxd3 13. cxd3 Bf5 14. Ng5 Rxd3 15. g4 Bg6 16. Ne6 Bd6 17. h4 h5 18. Nxg7 hxg4 19. h5 Nd4 20. b3 Be5 21. Rf1 Bh7 22. Rf7 g3 23. Bb2 g2 24. Bxd4 Bxd4 25. Ke2 Rxd2+ 0-1

[Event "Kirov-ch"]
[Site "Kirov"]
[Date "2016.04.06"]
[Round "6"]
[White "Ljashenko, Konstantin"]
[Black "Sumachev, Dmitry"]
[Result "0-1"]
[WhiteElo "2138"]
[BlackElo "2181"]
[PlyCount "86"]
[EventDate "2016.04.01"]
[EventType "swiss"]
[EventRounds "9"]
[EventCountry "RUS"]
[SourceTitle "CBM 172 Extra"]
[Source "ChessBase"]
[SourceDate "2016.06.21"]
[SourceVersion "1"]
[SourceVersionDate "2016.06.21"]
[SourceQuality "1"]

1. c4 c5 2. Nc3 Nf6 3. g3 e6 4. Bg2 d5 5. d3 d4 6. Ne4 Be7 7. Nxf6+ Bxf6 8. Nf3 0-0 9. 0-0 Nc6 10. a3 a5 11. Qc2 e5 12. e4 dxe3 13. fxe3 Bf5 14. Nxe5 Nxe5 15. Rxf5 Qxd3 16. Qxd3 Nxd3 17. Bxb7 Rab8 18. Bd5 Rfe8 19. e4 Re7 20. Be3 Rxb2 21. Rd1 Rb3 22. Rdf1 Rxa3 23. e5 Rxe5 24. Rxe5 Nxe5 25. Bxc5 Rc3 26. Bd4 Nf3+ 27. Rxf3 Rxf3 28. Bxf3 Bxd4+ 29. Kg2 a4 30. Bd1 a3 31. Bb3 Kf8 32. Kf3 f5 33. g4 fxg4+ 34. Kxg4 Ke7 35. Kf5 Kd6 36. Ke4 Kc5 37. Ba2 Bg1 38. h3 Kb4 39. Kd3 g5 40. c5 Bxc5 41. Ke4 Kc3 42. Kf5 Be3 43. Kg4 Kb2 0-1

[Event "Kirov Arakelian Memorial-A 5th"]
[Site "Kirov"]
[Date "2015.05.11"]
[Round "7"]
[White "Uraev, Ivan"]
[Black "Sumachev, Dmitry"]
[Result "1-0"]
[WhiteElo "2241"]
[BlackElo "2178"]
[PlyCount "61"]
[EventDate "2015.05.03"]
[EventType "tourn"]
[EventRounds "7"]
[EventCountry "RUS"]
[SourceTitle "EXT 2018"]
[Source "ChessBase"]
[SourceDate "2017.10.13"]
[SourceVersion "1"]
[SourceVersionDate "2017.10.13"]
[SourceQuality "1"]

1. b3 b6 2. Bb2 e6 3. f4 Bb7 4. e3 Nf6 5. Nf3 c5 6. Be2 Nc6 7. 0-0 Be7 8. Qe1 Qc7 9. Ne5 d6 10. Nxc6 Bxc6 11. a4 a6 12. Qg3 g6 13. d3 d5 14. Nd2 Rg8 15. Nf3 Bb7 16. Ne5 Nd7 17. c4 f5 18. Qh3 Nxe5 19. Bxe5 Bd6 20. d4 Bxe5 21. fxe5 Rg7 22. a5 bxa5 23. cxd5 cxd4 24. d6 Qb6 25. Bc4 Bc8 26. Qh4 dxe3 27. Qf6 Raa7 28. Bxe6 Bxe6 29. Qxe6+ Kd8 30. Rfc1 Rad7 31. Qf6+ 1-0

[Event "Kirov Arakelian Memorial-A 5th"]
[Site "Kirov"]
[Date "2015.05.08"]
[Round "4"]
[White "Sumachev, Dmitry"]
[Black "Dvinskikh, Leonid"]
[Result "1-0"]
[WhiteElo "2178"]
[BlackElo "2078"]
[PlyCount "119"]
[EventDate "2015.05.03"]
[EventType "tourn"]
[EventRounds "7"]
[EventCountry "RUS"]
[SourceTitle "EXT 2018"]
[Source "ChessBase"]
[SourceDate "2017.10.13"]
[SourceVersion "1"]
[SourceVersionDate "2017.10.13"]
[SourceQuality "1"]

1. c4 e6 2. d4 d5 3. cxd5 exd5 4. Nc3 Nf6 5. Bg5 c6 6. e3 Bf5 7. Qb3 Qb6 8. Bxf6 gxf6 9. Nf3 Nd7 10. Rc1 h5 11. Nh4 Qxb3 12. axb3 Bg6 13. f4 Be7 14. f5 Bh7 15. Be2 Nb6 16. 0-0 Bg8 17. Bf3 0-0-0 18. g3 Kb8 19. Ne2 Bb4 20. Rfd1 Re8 21. Kf2 Bd6 22. Nf4 Bxf4 23. exf4 Nc8 24. Re1 Rxe1 25. Rxe1 Nd6 26. h3 Kc7 27. Rh1 Bh7 28. g4 Re8 29. Rd1 Kb6 30. Ng2 Kb5 31. Ne3 Kb4 32. Rd3 a5 33. Nc2+ Kb5 34. Re3 Rxe3 35. Kxe3 hxg4 36. hxg4 Kb6 37. Be2 Ne4 38. Bd3 Nd6 39. Kf3 Kc7 40. Ne3 Kd7 41. Nd1 Ke7 42. Nc3 b5 43. Kg3 Kf8 44. Kh4 Kg7 45. Kh5 Bg8 46. Ne2 Bh7 47. Ng3 Bg8 48. Kh4 Ne8 49. Nh5+ Kf8 50. g5 Ke7 51. Kg4 Bh7 52. Ng3 Ng7 53. Nf1 Bg8 54. Ne3 Bh7 55. Kh4 Bg8 56. gxf6+ Kxf6 57. Ng4+ Ke7 58. f6+ Kf8 59. fxg7+ Kxg7 60. Kg5 1-0

[Event "Kirov Shakhov Memorial-B 2nd"]
[Site "Kirov"]
[Date "2014.12.29"]
[Round "4"]
[White "Sumachev, Dmitry"]
[Black "Dvinskikh, Leonid"]
[Result "1-0"]
[WhiteElo "2170"]
[BlackElo "2096"]
[PlyCount "87"]
[EventDate "2014.12.27"]
[EventType "swiss"]
[EventRounds "9"]
[EventCountry "RUS"]
[SourceTitle "CBM 164 Extra"]
[Source "ChessBase"]
[SourceDate "2015.03.02"]
[SourceVersion "1"]
[SourceVersionDate "2015.03.02"]
[SourceQuality "1"]

1. Nf3 Nf6 2. c4 e6 3. g3 d5 4. Bg2 c5 5. cxd5 exd5 6. d4 Nc6 7. Nc3 Be7 8. 0-0 0-0 9. Bg5 cxd4 10. Nxd4 h6 11. Bf4 Bg4 12. h3 Be6 13. Nxe6 fxe6 14. Qb3 Na5 15. Qa4 a6 16. Rad1 b5 17. Qc2 Rc8 18. Bxh6 Qe8 19. Bc1 b4 20. Qa4 Qd8 21. Ne4 Rc4 22. Nd2 Rc8 23. Nb3 Nc4 24. Qxa6 Qd7 25. Nd4 Kf7 26. b3 Ne5 27. Bf4 Ra8 28. Qb5 Qxb5 29. Nxb5 Ng6 30. Rd2 Nxf4 31. gxf4 Ra5 32. Nd4 Rfa8 33. Rc1 Rxa2 34. Rxa2 Rxa2 35. Rc6 Rb2 36. Bf3 Ne8 37. Bg4 Bf6 38. Bxe6+ Kf8 39. Nf3 Rxb3 40. Bxd5 Rb1+ 41. Kg2 b3 42. Rb6 b2 43. Ne5 Bd8 44. Ng6# 1-0

[Event "Kirov Region-ch"]
[Site "Kirov"]
[Date "2014.10.17"]
[Round "8"]
[White "Sumachev, Dmitry"]
[Black "Purgin, Nikolaj"]
[Result "0-1"]
[WhiteElo "2164"]
[BlackElo "2214"]
[PlyCount "80"]
[EventDate "2014.10.10"]
[EventType "swiss"]
[EventRounds "9"]
[EventCountry "RUS"]
[SourceTitle "EXT 2018"]
[Source "ChessBase"]
[SourceDate "2017.10.13"]
[SourceVersion "1"]
[SourceVersionDate "2017.10.13"]
[SourceQuality "1"]

1. c4 e5 2. Nc3 Nc6 3. g3 g6 4. Bg2 Bg7 5. d3 d6 6. Nf3 Nge7 7. 0-0 0-0 8. Rb1 a5 9. a3 f5 10. Bd2 h6 11. b4 axb4 12. axb4 Be6 13. b5 Nb8 14. Qc2 Nd7 15. Ra1 Nc5 16. Be3 Nd7 17. Rxa8 Qxa8 18. Nd5 Qd8 19. Nxe7+ Qxe7 20. Nh4 Qf6 21. Bxb7 f4 22. Bd2 g5 23. Ng2 Nc5 24. Bc6 Qf5 25. Bb4 Nd7 26. Be4 Qh3 27. b6 Nf6 28. f3 fxg3 29. hxg3 Rb8 30. Ba5 cxb6 31. Rb1 Qxg3 32. Rxb6 Rxb6 33. Bxb6 Bh3 34. e3 Bxg2 35. Qxg2 Qe1+ 36. Qf1 Qb4 37. Bd8 Qc5 38. Kf2 Nxe4+ 39. fxe4 d5 40. Ke2 dxc4 0-1

[Event "Kirov Region-ch"]
[Site "Kirov"]
[Date "2014.10.14"]
[Round "5"]
[White "Sumachev, Dmitry"]
[Black "Surnov, Vladimir"]
[Result "1-0"]
[WhiteElo "2164"]
[BlackElo "2172"]
[PlyCount "117"]
[EventDate "2014.10.10"]
[EventType "swiss"]
[EventRounds "9"]
[EventCountry "RUS"]
[SourceTitle "EXT 2018"]
[Source "ChessBase"]
[SourceDate "2017.10.13"]
[SourceVersion "1"]
[SourceVersionDate "2017.10.13"]
[SourceQuality "1"]

1. c4 e6 2. g3 d5 3. d4 c6 4. Bg2 f5 5. Nh3 Nf6 6. 0-0 Be7 7. b3 b5 8. Ba3 b4 9. Bb2 a5 10. Nd2 0-0 11. Nf4 g5 12. Nd3 Ba6 13. Rc1 Ra7 14. Nf3 Nfd7 15. Qd2 Bf6 16. cxd5 cxd5 17. Nc5 Nxc5 18. Rxc5 Nd7 19. Rc6 Qe7 20. Rfc1 Bb5 21. R6c2 a4 22. Ne5 Qd6 23. Nc6 Bxc6 24. Rxc6 Qe7 25. R1c2 Rfa8 26. Qd3 h5 27. h3 g4 28. Bc1 Kg7 29. Qe3 Kf7 30. Bd2 Bg7 31. Qf4 axb3 32. axb3 Rb7 33. Rd6 Rb6 34. Rxd7 Qxd7 35. Rc7 Ra7 36. Rxd7+ Rxd7 37. Qg5 gxh3 38. Qxh5+ Kf8 39. Bxh3 Bxd4 40. Bh6+ Ke7 41. e3 Bf6 42. Bg5 Bxg5 43. Qxg5+ Kd6 44. Qf6 Kc7 45. Bf1 Kb7 46. Be2 Rc7 47. Bh5 Rc3 48. Bf7 Rcc6 49. Kg2 Rd6 50. Kf3 Rbc6 51. Kf4 Kb6 52. Ke5 d4 53. exd4 Rd5+ 54. Kf4 Rcd6 55. Bxe6 Rxd4+ 56. Kxf5 Rd3 57. Ke5 Kc6 58. g4 Rd2 59. f4 1-0

[Event "Kirov Region-ch"]
[Site "Kirov"]
[Date "2014.10.11"]
[Round "2"]
[White "Sumachev, Dmitry"]
[Black "Kharitonov, Alexey"]
[Result "1-0"]
[WhiteElo "2164"]
[BlackElo "2211"]
[PlyCount "95"]
[EventDate "2014.10.10"]
[EventType "swiss"]
[EventRounds "9"]
[EventCountry "RUS"]
[SourceTitle "EXT 2018"]
[Source "ChessBase"]
[SourceDate "2017.10.13"]
[SourceVersion "1"]
[SourceVersionDate "2017.10.13"]
[SourceQuality "1"]

1. c4 Nf6 2. g3 d5 3. cxd5 Qxd5 4. Nf3 Bg4 5. Bg2 Nc6 6. Nc3 Qd7 7. h3 Bh5 8. d3 e6 9. Be3 Be7 10. 0-0 0-0 11. Rc1 Rfd8 12. a3 Qe8 13. b4 Rab8 14. g4 Bxg4 15. hxg4 Nxg4 16. Bf4 e5 17. Bg3 a5 18. b5 Nd4 19. Nxd4 exd4 20. Nd5 Bd6 21. e4 Ne3 22. fxe3 Bxg3 23. exd4 Rxd5 24. Qg4 Rxd4 25. Qxg3 Rbd8 26. Rxc7 Rxd3 27. Qf4 R3d7 28. b6 Qe6 29. Qf2 f6 30. Qc5 Rd2 31. Qc4 Qxc4 32. Rxc4 Rb2 33. Rf2 Rd1+ 34. Bf1 Rxb6 35. Rc7 Rbb1 36. Kg2 h5 37. Bc4+ Kh7 38. Rxf6 Rbc1 39. Rff7 Kh6 40. Be2 Rg1+ 41. Kf2 Ra1 42. e5 h4 43. e6 h3 44. e7 Rg2+ 45. Ke3 Rxa3+ 46. Bd3 Rg3+ 47. Ke2 Rg2+ 48. Rf2 1-0

[Event "Kirov Vyatki Cup-A 3rd"]
[Site "Kirov"]
[Date "2014.08.17"]
[Round "6"]
[White "Trifonov, Pavel"]
[Black "Sumachev, Dmitry"]
[Result "0-1"]
[WhiteElo "2212"]
[BlackElo "2153"]
[PlyCount "120"]
[EventDate "2014.08.08"]
[EventType "tourn"]
[EventRounds "7"]
[EventCountry "RUS"]
[SourceTitle "CBM 162 Extra"]
[Source "ChessBase"]
[SourceDate "2014.10.17"]
[SourceVersion "1"]
[SourceVersionDate "2014.10.17"]
[SourceQuality "1"]

1. d4 Nf6 2. c4 e6 3. Nc3 c5 4. d5 exd5 5. cxd5 d6 6. e4 a6 7. a4 g6 8. Bd3 Bg7 9. Nge2 0-0 10. 0-0 Nbd7 11. Ng3 Ne5 12. Bc2 Rb8 13. Qe2 Re8 14. h3 Qc7 15. f4 Ned7 16. Qf3 b5 17. axb5 axb5 18. e5 dxe5 19. f5 Nf8 20. Bg5 Rb6 21. fxg6 hxg6 22. d6 Qxd6 23. Nge4 Qd4+ 24. Be3 Qd7 25. Bxc5 Nxe4 26. Nxe4 Rc6 27. b4 Ne6 28. Ra7 Rc7 29. Rxc7 Qxc7 30. Nd6 Rf8 31. Nxb5 Qd7 32. Bxf8 Bxf8 33. Nc3 Nf4 34. Kh1 Qd2 35. Bb3 Bf5 36. Qb7 Kh8 37. Qa8 Kg7 38. Qb7 Kh6 39. Qf3 Bd3 40. Ne4 Qxb4 41. Qg3 Bxe4 42. Rxf4 exf4 43. Qxf4+ Kh7 44. Qxf7+ Bg7 45. Qg8+ Kh6 46. Qe6 Qd4 47. Qg4 Bf5 48. Qxd4 Bxd4 49. Bd5 Kg5 50. Kh2 Kf4 51. Bc6 Bf2 52. Be8 Bg3+ 53. Kg1 Be4 54. Kf1 Kg5 55. Bb5 Kh4 56. Bc4 Bd6 57. Be2 Kg3 58. h4 Bxg2+ 59. Ke1 Bb4+ 60. Kd1 Bf3 0-1

[Event "Kirov Vyatki Cup-A 3rd"]
[Site "Kirov"]
[Date "2014.08.15"]
[Round "4"]
[White "Savinykh, Sergey"]
[Black "Sumachev, Dmitry"]
[Result "0-1"]
[WhiteElo "2165"]
[BlackElo "2153"]
[PlyCount "80"]
[EventDate "2014.08.08"]
[EventType "tourn"]
[EventRounds "7"]
[EventCountry "RUS"]
[SourceTitle "CBM 162 Extra"]
[Source "ChessBase"]
[SourceDate "2014.10.17"]
[SourceVersion "1"]
[SourceVersionDate "2014.10.17"]
[SourceQuality "1"]

1. e4 c5 2. Nf3 d6 3. d4 cxd4 4. Nxd4 Nf6 5. Nc3 a6 6. Bg5 e6 7. f4 Nbd7 8. Qf3 Qc7 9. 0-0-0 Be7 10. Bd3 h6 11. Bh4 g5 12. fxg5 Ne5 13. Qe2 Nfg4 14. h3 hxg5 15. Bg3 Nxd3+ 16. Rxd3 Ne5 17. Rdd1 Bd7 18. Rhf1 f6 19. Nf3 b5 20. a3 Rb8 21. Rd4 a5 22. Rfd1 b4 23. axb4 axb4 24. Nb1 Bb5 25. Qf2 Ba4 26. Ne1 0-0 27. Nd3 Nc6 28. Rc4 Bb5 29. Rc5 Qb6 30. Rxb5 Qxb5 31. Nd2 Na5 32. Nf3 Rfc8 33. Nd4 Qc4 34. Kb1 b3 35. c3 Qa4 36. Nc1 Rxc3 37. bxc3 b2 38. Ncb3 Nxb3 39. Qxb2 Rb7 40. Rd3 Nc5 0-1

[Event "Kirov Arakelian Memorial-B 4th"]
[Site "Kirov"]
[Date "2014.05.05"]
[Round "9"]
[White "Savinykh, Sergey"]
[Black "Sumachev, Dmitry"]
[Result "0-1"]
[WhiteElo "2173"]
[BlackElo "2155"]
[PlyCount "94"]
[EventDate "2014.04.30"]
[EventType "tourn"]
[EventRounds "9"]
[EventCountry "RUS"]
[SourceTitle "EXT 2015"]
[Source "ChessBase"]
[SourceDate "2014.11.20"]
[SourceVersion "1"]
[SourceVersionDate "2014.11.20"]
[SourceQuality "1"]

1. e4 c5 2. Nf3 e6 3. d4 cxd4 4. Nxd4 a6 5. Bd3 Qb6 6. Nb3 Qc7 7. 0-0 Nf6 8. Nc3 Be7 9. f4 d6 10. Qf3 Nc6 11. Bd2 0-0 12. Rae1 e5 13. Nd5 Qd8 14. Bc3 Be6 15. Kh1 b5 16. Rg1 Rc8 17. g4 exf4 18. Nxe7+ Qxe7 19. Qxf4 Nd7 20. Nd4 Nxd4 21. Bxd4 Bc4 22. g5 Ne5 23. Rg3 f6 24. Reg1 Bxd3 25. cxd3 fxg5 26. Qxg5 Qxg5 27. Rxg5 g6 28. Bxe5 dxe5 29. h4 Rc2 30. R1g2 Rff2 31. Rxf2 Rxf2 32. h5 Kg7 33. hxg6 hxg6 34. Rg2 Rxg2 35. Kxg2 Kf6 36. Kf3 g5 37. Kg3 Kg6 38. Kg4 a5 39. a3 a4 40. Kf3 Kh5 41. d4 exd4 42. e5 Kg6 43. Ke4 g4 44. Kxd4 g3 45. Ke3 Kf5 46. Kf3 Kxe5 47. Kxg3 Kd4 0-1

[Event "Kirov Arakelian Memorial-B 4th"]
[Site "Kirov"]
[Date "2014.05.04"]
[Round "7"]
[White "Sumachev, Dmitry"]
[Black "Trifonov, Pavel"]
[Result "0-1"]
[WhiteElo "2155"]
[BlackElo "2235"]
[PlyCount "62"]
[EventDate "2014.04.30"]
[EventType "tourn"]
[EventRounds "9"]
[EventCountry "RUS"]
[SourceTitle "EXT 2015"]
[Source "ChessBase"]
[SourceDate "2014.11.20"]
[SourceVersion "1"]
[SourceVersionDate "2014.11.20"]
[SourceQuality "1"]

1. c4 Nf6 2. Nc3 c5 3. Nf3 g6 4. d4 cxd4 5. Nxd4 Bg7 6. e4 d6 7. Be2 0-0 8. 0-0 Nc6 9. Nc2 b6 10. Be3 Bb7 11. Qd2 Rc8 12. f3 Ne5 13. b3 Re8 14. Rfd1 a6 15. Rac1 Ned7 16. Nd4 e6 17. Bh6 Bh8 18. Kh1 Qc7 19. Bf1 Rcd8 20. Nde2 Nc5 21. Nf4 Bc6 22. Ncd5 Qb7 23. Nb4 Bxe4 24. fxe4 Ncxe4 25. Qe2 Ng4 26. Bg5 Ngf2+ 27. Kg1 Nxd1 28. Qxd1 Nxg5 29. Bd3 Bd4+ 30. Kh1 Be3 31. Ne2 Nh3 0-1

[Event "Kirov Arakelian Memorial-B 4th"]
[Site "Kirov"]
[Date "2014.05.01"]
[Round "3"]
[White "Sumachev, Dmitry"]
[Black "Dvinskikh, Leonid"]
[Result "1-0"]
[WhiteElo "2155"]
[BlackElo "2092"]
[PlyCount "50"]
[EventDate "2014.04.30"]
[EventType "tourn"]
[EventRounds "9"]
[EventCountry "RUS"]
[SourceTitle "EXT 2015"]
[Source "ChessBase"]
[SourceDate "2014.11.20"]
[SourceVersion "1"]
[SourceVersionDate "2014.11.20"]
[SourceQuality "1"]

1. c4 e6 2. e4 d5 3. exd5 exd5 4. cxd5 Qxd5 5. Nc3 Qe6+ 6. Be2 Nf6 7. Nf3 Bd6 8. 0-0 0-0 9. d4 c6 10. Ng5 Qf5 11. Bd3 Qg4 12. Qb3 Qh5 13. f4 h6 14. Nge4 Nxe4 15. Nxe4 Bc7 16. Bc2 Qb5 17. Qg3 Nd7 18. Bd2 Qh5 19. Rae1 Bd8 20. Qd3 Qb5 21. Qg3 Qh5 22. Nd6 Bh4 23. Qd3 Nf6 24. g3 Bh3 25. Rf2 Qd5 1-0

[Event "Kirov Region-ch"]
[Site "Kirov"]
[Date "2013.10.18"]
[Round "8"]
[White "Tsarukian, Elis"]
[Black "Sumachev, Dmitry"]
[Result "1/2-1/2"]
[WhiteElo "2194"]
[BlackElo "2169"]
[PlyCount "110"]
[EventDate "2013.10.11"]
[EventType "swiss"]
[EventRounds "9"]
[EventCountry "RUS"]
[SourceTitle "EXT 2014"]
[Source "ChessBase"]
[SourceDate "2013.11.20"]
[SourceVersion "1"]
[SourceVersionDate "2013.11.20"]
[SourceQuality "1"]

1. e4 d6 2. d4 g6 3. c4 Bg7 4. Nc3 Nf6 5. Nf3 0-0 6. Be2 Nbd7 7. 0-0 e5 8. d5 Nc5 9. Qc2 a5 10. Ne1 Qe7 11. f3 Nh5 12. Nd3 b6 13. Be3 f5 14. a3 fxe4 15. Nxe4 Nxe4 16. fxe4 Qh4 17. Rxf8+ Bxf8 18. Bf3 Nf6 19. Nf2 Ng4 20. Nxg4 Bxg4 21. Rf1 Bxf3 22. gxf3 Bh6 23. Qf2 Bxe3 24. Qxe3 Rf8 25. b4 axb4 26. axb4 Ra8 27. Qd2 Ra3 28. c5 bxc5 29. bxc5 Kg7 30. cxd6 cxd6 31. Qf2 Qg5+ 32. Qg3 Qe3+ 33. Qf2 Kf6 34. Qxe3 Rxe3 35. Kf2 Ra3 36. h4 h5 37. Rc1 Ra8 38. Rc7 g5 39. Rd7 Ra6 40. Kg3 Rb6 41. Rh7 gxh4+ 42. Kxh4 Rb3 43. Rh6+ Kg7 44. Rxd6 Rxf3 45. Kg5 Rf4 46. Rd7+ Kf8 47. d6 h4 48. Rh7 Ke8 49. Re7+ Kd8 50. Rxe5 Rf7 51. Kxh4 Kd7 52. Rf5 Rh7+ 53. Kg5 Kxd6 54. Kg6 Rh4 55. e5+ Ke6 1/2-1/2